Library of the University of Algiers 3
Ibrahim Sultan Cheibout
شعار جامعة الجزائر 3
مكتبة جامعة الجزائر 3
إبراهيم سلطان شيبوط

الاستثمار الدولية : (رقم التسجيلة. 42863)

تفاصيل مارك
000 -LEADER
fixed length control field 01185nam a2200253Ia 4500
003 - CONTROL NUMBER IDENTIFIER
control field Ost
005 - DATE AND TIME OF LATEST TRANSACTION
control field 20260507075110.0
008 - FIXED-LENGTH DATA ELEMENTS--GENERAL INFORMATION
fixed length control field 260507s9999||||xx |||||||||||||| ||und||
020 ## - INTERNATIONAL STANDARD BOOK NUMBER
International Standard Book Number 9961667735
040 ## - CATALOGING SOURCE
Transcribing agency fsecg
041 ## - LANGUAGE CODE
Language code of text/sound track or separate title ara
082 ## - DEWEY DECIMAL CLASSIFICATION NUMBER
Classification number 330
100 ## - MAIN ENTRY--PERSONAL NAME
Personal name قادري، عبد العزيز
Relator term مؤلف
245 #0 - TITLE STATEMENT
Title الاستثمار الدولية :
Remainder of title التحكيم التجاري الدولي ضمان الاستثمارات /
Statement of responsibility, etc. عبد العزيز قادري
246 ## - VARYING FORM OF TITLE
Title proper/short title les investisments internationaux : l'arbirage comercial internatinal la garantie des investisments
260 ## - PUBLICATION, DISTRIBUTION, ETC.
Place of publication, distribution, etc. الجزائر:
Name of publisher, distributor, etc. دار هومة,
Date of publication, distribution, etc. 2004
300 ## - PHYSICAL DESCRIPTION
Extent 488 صفحة؛
Dimensions 24 سم
520 ## - SUMMARY, ETC.
Summary, etc. في هذا الكتاب : 1- مقدمة 2- الاستثمارات الدولية المباشرة التنظيمات والتطورات 3- التحكيم في مجال الاستثمارات الدولية التحكيم التجاري 4- ضمان الاستثمارات الدولية
653 ## - INDEX TERM--UNCONTROLLED
Uncontrolled term استثمار دولي
653 ## - INDEX TERM--UNCONTROLLED
Uncontrolled term الاستثمار
653 ## - INDEX TERM--UNCONTROLLED
Uncontrolled term القانون الدولي التجاري
653 ## - INDEX TERM--UNCONTROLLED
Uncontrolled term قانون دولي
942 ## - ADDED ENTRY ELEMENTS (KOHA)
Koha item type كتب
المقتنيات
Withdrawn status Lost status Source of classification or shelving scheme Damaged status Not for loan Home library Current library Date acquired Serial enumeration / chronology Inventory number Total checkouts Full call number Barcode Date last seen Price effective from Koha item type
    Dewey Decimal Classification   Available مكتبة كلية العلوم الإقتصادية والعلوم التجارية وعلوم التسيير مكتبة كلية العلوم الإقتصادية والعلوم التجارية وعلوم التسيير 07/05/2026 الطابق الأرضي 1449/1   أ/1449ن1 1449/1 07/05/2026 07/05/2026 كتب
    Dewey Decimal Classification   NOT LOAN / إعارة داخلية مكتبة كلية العلوم الإقتصادية والعلوم التجارية وعلوم التسيير مكتبة كلية العلوم الإقتصادية والعلوم التجارية وعلوم التسيير 07/05/2026 الطابق الأرضي 025.21/109   أ/1449ن2 025.21/109 07/05/2026 07/05/2026 كتب

موارد الويب المفتوحة


© University of Algiers 3 All Rights Reserved
|
Implemented by LECHELAH Riad